| 000 | 00693nam a2200193 4500 | ||
|---|---|---|---|
| 008 | 170329b xxu||||| |||| 00| 0 eng d | ||
| 020 | _a0-314-20115-7 | ||
| 082 |
_21996 _aDC 155.4 _bD97 |
||
| 100 |
_919624 _aDworetzky, John. |
||
| 245 |
_aStudy guide to accompany introduction to child development / _cJohn P. Dworetzky.. |
||
| 250 | _aSixth Edition. | ||
| 260 |
_aSt. Paul/Minneapolis, MN : _bWest Pub., _cc1996. |
||
| 300 |
_aiii, 322 pages : _billustrations (some col.) ; _c25 cm. |
||
| 500 | _aIncludes bibliographical references and indexes. | ||
| 650 | 0 |
_919625 _aChild development. |
|
| 650 | 0 |
_919626 _aChild psychology. |
|
| 650 | 0 |
_919627 _aPsychology, Child. |
|
| 942 |
_2ddc _cDC |
||
| 999 |
_c6488 _d6488 |
||